Remembering elites /
Gardado en:
| Outros autores: | , |
|---|---|
| Formato: | Desconocido |
| Idioma: | English |
| Publicado: |
Estados Unidos :
Blackwell Publishing
|
| Series: | Sociological Review Monographs
|
| Etiquetas: |
Engadir etiqueta
Sen Etiquetas, Sexa o primeiro en etiquetar este rexistro!
|
MARC
| LEADER | 00000 a2200000 04500 | ||
|---|---|---|---|
| 001 | 41993 | ||
| 003 | cru CIDCACS/IIS | ||
| 005 | 20200925160202.0 | ||
| 008 | 050630s2008 -us eng d | ||
| 999 | |c 4327 |d 4327 | ||
| 020 | |a 978-1-4051-8546-2 | ||
| 040 | |c CRAI/IIS |a CRAI/IIS | ||
| 090 | |a 05.03.05 S264r | ||
| 100 | |a Savage, Mike |e editor | ||
| 245 | |a Remembering elites / |c editado por Mike Savage y Karel Williams | ||
| 260 | |a Estados Unidos : |b Blackwell Publishing | ||
| 300 | |a 295 páginas | ||
| 440 | |a Sociological Review Monographs | ||
| 700 | |a Williams, Karel | ||
| 942 | |2 ddc |c LI | ||



